| 000 | 00581nam a2200193 i 4500 | ||
|---|---|---|---|
| 001 | 172520 | ||
| 003 | ES-MaACL | ||
| 005 | 20250712062550.0 | ||
| 007 | t| | ||
| 008 | 090714s1963 sp ||||1| spa d | ||
| 080 | _a821.134.2-31"19" | ||
| 100 | 1 |
_aCela, Camilo José, _d1916-2002 _937336 |
|
| 245 | 1 | 0 |
_aNuevas andanzas y desventuras de Lazarillo de Tormes / _cCamilo José Cela. |
| 250 | _a8ª ed. | ||
| 260 |
_aBarcelona : _bNoguer, _c1963. |
||
| 300 |
_a234 p. ; _c20 cm. |
||
| 852 | 4 |
_aES-MaACL _jE-12838 _z- Biblioteca Jacinto Martínez Lacalle |
|
| 999 |
_c172520 _d172520 |
||